000 00556nam a22001697a 4500
005 20251108165416.0
008 250721s1995 xx 000 0 ara d
082 1 4 _aم/213.63/مجد
100 1 _aالقرطبي، مجدي فتحي السيد
245 1 0 _aالصحيح من التذكره في أحوال الموتى و أمور الأخرة /
264 1 _aالقاهرة :
_bدار الصحابة للتراث،
_c1995.
300 _a575ص
650 1 7 _aالإسلام
650 1 7 _aالحيث الشريف
942 _2ddc
_cREF
999 _c27215
_d27215